IFM Opac

Strategic Management: (Record no. 22238)

MARC details
000 -LEADER
fixed length control field 00554nam a22001817a 4500
020 ## - INTERNATIONAL STANDARD BOOK NUMBER
ISBN 979-8-214-0503-00
082 ## - DEWEY DECIMAL CLASSIFICATION NUMBER
Classification number 658.4012
100 ## - MAIN ENTRY--AUTHOR NAME
Personal name Hitt, Michael A...[et al.]
245 ## - TITLE STATEMENT
Title Strategic Management:
Sub Title Competitiveness & Globalization, Concepts & Cases
250 ## - EDITION STATEMENT
Edition statement 14th
260 ## - PUBLICATION, DISTRIBUTION, ETC. (IMPRINT)
Place of publication Australia:
Name of publisher Cengage Learning,
Year of publication 2024
300 ## - PHYSICAL DESCRIPTION
Number of Pages xxi, 620 (Mxd) p.: ill.; 28cm
500 ## - GENERAL NOTE
General note Includes Bibliographical Reference and Index
700 ## - ADDED ENTRY--PERSONAL NAME
Personal name Ireland, R. Duane
700 ## - ADDED ENTRY--PERSONAL NAME
Personal name Hoskisson, Robert E.
700 ## - ADDED ENTRY--PERSONAL NAME
Personal name Harrison, Jeffrey S.
942 ## - ADDED ENTRY ELEMENTS (KOHA)
Koha item type Books
Holdings
Withdrawn status Lost status Damaged status Not for loan Collection code Permanent Location Current Location Shelving location Date acquired Source of acquisition Full call number Accession Number Price effective from Koha item type
        Non-fiction IFM Main Campus Library IFM Main Campus Library Work Room processing 04/16/2026 Purchased 658.4012 HIT 0000031005 04/16/2026 Books
        Non-fiction IFM Main Campus Library IFM Main Campus Library Work Room processing 04/16/2026 Purchased 658.4012 HIT 0000030997 04/16/2026 Books
        Non-fiction IFM Main Campus Library IFM Main Campus Library Work Room processing 04/16/2026 Purchased 658.4012 HIT 0000030998 04/16/2026 Books
        Non-fiction IFM Main Campus Library IFM Main Campus Library Work Room processing 04/16/2026 Purchased 658.4012 HIT 0000030999 04/16/2026 Books
        Non-fiction IFM Main Campus Library IFM Main Campus Library Work Room processing 04/16/2026 Purchased 658.4012 HIT 0000031000 04/16/2026 Books
        Non-fiction IFM Main Campus Library IFM Main Campus Library Work Room processing 04/16/2026 Purchased 658.4012 HIT 0000031001 04/16/2026 Books
        Non-fiction IFM Main Campus Library IFM Main Campus Library Work Room processing 04/16/2026 Purchased 658.4012 HIT 0000031002 04/16/2026 Books
        Non-fiction IFM Main Campus Library IFM Main Campus Library Work Room processing 04/16/2026 Purchased 658.4012 HIT 0000031003 04/16/2026 Books
        Non-fiction IFM Main Campus Library IFM Main Campus Library Work Room processing 04/16/2026 Purchased 658.4012 HIT 0000031004 04/16/2026 Books
        Non-fiction IFM Main Campus Library IFM Main Campus Library Work Room processing 04/16/2026 Purchased 658.4012 HIT 0000031006 04/16/2026 Books